| 000 | 00342nam a2200145Ia 4500 | ||
|---|---|---|---|
| 005 | 20251222151335.0 | ||
| 008 | 251222s9999||||xx |||||||||||||| ||spa|| | ||
| 020 | _a8422604043 | ||
| 082 | _a327.120.924/P51 | ||
| 100 | _aPhilby, Kim | ||
| 245 | 0 | _aMi Guerra Silenciosa | |
| 250 | _a1ra.ed. | ||
| 264 | _bCĂrculo de Lectores | ||
| 942 | _cLIB | ||
| 999 |
_c24256 _d24256 |
||